New directions in post-Keynesian economics (Record no. 52114)

MARC details
000 -LEADER
fixed length control field 00744nam a2200193 a 4500
008 - FIXED-LENGTH DATA ELEMENTS--GENERAL INFORMATION
fixed length control field 120416s1989 ||||||||||||||||| || u
020 ## - INTERNATIONAL STANDARD BOOK NUMBER
International Standard Book Number 1852780134
050 ## - LIBRARY OF CONGRESS CALL NUMBER
Classification number HB 99.7 New
100 ## - MAIN ENTRY--PERSONAL NAME
Personal name Pheby, John, 1942-
245 10 - TITLE STATEMENT
Title New directions in post-Keynesian economics
Statement of responsibility, etc. edited by John Pheby
260 ## - PUBLICATION, DISTRIBUTION, ETC.
Place of publication, distribution, etc. Aldershot, Hants:
Name of publisher, distributor, etc. Edward Elgar
Date of publication, distribution, etc. 1989
300 ## - PHYSICAL DESCRIPTION
Extent xi, 276p. : ill.
350 ## - PRICE (NR) (BK AM CF MU VM SE) [OBSOLETE]
Price 0.00
490 ## - SERIES STATEMENT
Series statement New directions in modern economics series
500 ## - GENERAL NOTE
General note Includes bibliographical references (p. 228-266) and indexes.
650 #0 - SUBJECT ADDED ENTRY--TOPICAL TERM
Topical term or geographic name entry element ECONOMICS
650 #0 - SUBJECT ADDED ENTRY--TOPICAL TERM
Topical term or geographic name entry element KEYNESIAN ECONOMICS
995 ## - RECOMMENDATION 995 [LOCAL, UNIMARC FRANCE]
-- 0.00
-- CBU-MAIN LIBRARY (Kitwe)
-- 1
-- 11.95
-- AVAILABLE
-- Annex Low-Usage Collection
Holdings
Withdrawn status Lost status Source of classification or shelving scheme Damaged status Not for loan Home library Current library Shelving location Date acquired Total Checkouts Full call number Barcode Date last seen Price effective from Koha item type
          CBU-MAIN LIBRARY, KITWE. CBU-MAIN LIBRARY, KITWE.   11/30/2022   HB 99.7 New 001781 11/30/2022 11/30/2022 MONOGRAPH